000 01006nas a2200337 4500
001 BR0804795
003 BR-BrBNA
005 20231205111935.0
007 ta
008 230509b bl.|||p| |||| 00| 00por d
040 _aBR-BrBNA
_bpor
_cBiblioteca Nacional de Agricultura
041 _a(Pt)
072 _aQ02; Q04; J11
100 1 _aUceda, M.
100 1 _aJiménez, A.
100 1 _aBeltron, G.
100 1 _aGarcia-Ortz,C.
100 1 _aAguileira, M.P.
245 1 _aElaboração de azeite de oliva de qualidade
650 _aTECNOLOGIA DE ALIMENTO
650 _aAZEITE
650 _aOLEA EUROPAEA
650 _aPROCESSAMENTO
650 _aEXTRAÇÃO
650 _aCENTRIFUGAÇÃO
650 _aCONTROLE DE QUALIDADE
650 _aARMAZENAMENTO
773 0 _tInforme Agropecuário - Empresa de Pesquisa Agropecuária de Minas Gerais (Brazil)
_xISSN 0100-3364
_g(Mar-Apr 2006), v. 27(231) p. 90-97
_wBR0804795
909 _a202311
_bLúcia
_c55
_dLúcia Elande
942 _2AGRIS
_n0
_cANA
999 _c195236
_d195236